| Tag |
First Indicator |
Second Indicator |
Subfields |
| LEADER |
00000cam a22000001 4500 |
| 001 |
in00000098378 |
| 005 |
20230706123125.0 |
| 008 |
831025s1963 nyua b 000 0 eng |
| 010 |
|
|
|a 62015551
|
| 019 |
|
|
|a 504329
|a 977124459
|
| 029 |
1 |
|
|a AU@
|b 000002964418
|
| 029 |
1 |
|
|a AU@
|b 000028152538
|
| 029 |
1 |
|
|a GBVCP
|b 016461347
|
| 029 |
1 |
|
|a NZ1
|b 2826423
|
| 029 |
1 |
|
|a ZWZ
|b 025502271
|
| 029 |
1 |
|
|a AU@
|b 000073369339
|
| 035 |
|
|
|a (OCoLC)ocm10123312
|
| 035 |
|
|
|a (OCoLC)10123312
|z (OCoLC)504329
|z (OCoLC)977124459
|
| 035 |
|
|
|a (OCoLC)ocm10123312
|
| 040 |
|
|
|a DLC/ICU
|b eng
|c CGU
|d OCL
|d AKR
|d SER
|d OCL
|d OCLCQ
|d OCLCG
|d AUD
|d LGG
|d ZWZ
|d GBVCP
|d OCLCF
|d OCLCQ
|d OCLCO
|d CSC
|d OCLCO
|
| 041 |
1 |
|
|a eng
|h rus
|
| 050 |
0 |
0 |
|a TN490.A2
|b B63
|
| 082 |
1 |
4 |
|a 546.401
|b B73s
|
| 084 |
|
|
|a 35.45
|2 bcl
|
| 100 |
1 |
|
|a Borisenko, L. F.
|q (Leonid Fedorovich)
|
| 240 |
1 |
0 |
|a Skandiĭ.
|l English
|
| 245 |
1 |
0 |
|a Scandium;
|b its geochemistry and mineralogy.
|c Authorized translation from the Russian.
|
| 260 |
|
|
|a New York,
|b Consultants Bureau
|c [©1963]
|
| 300 |
|
|
|a 78 pages
|b illustrations
|c 28 cm
|
| 336 |
|
|
|a text
|b txt
|2 rdacontent
|
| 337 |
|
|
|a unmediated
|b n
|2 rdamedia
|
| 338 |
|
|
|a volume
|b nc
|2 rdacarrier
|
| 504 |
|
|
|a Includes bibliographical references.
|
| 650 |
|
0 |
|a Scandium.
|
| 650 |
|
6 |
|a Scandium.
|
| 650 |
|
7 |
|a Scandium.
|2 fast
|0 (OCoLC)fst01106462
|
| 650 |
|
7 |
|a Scandium.
|2 ram
|
| 776 |
0 |
8 |
|i Online version:
|a Borisenko, L.F. (Leonid Fedorovich).
|s Skandiĭ. English.
|t Scandium.
|d New York, Consultants Bureau [©1963]
|w (OCoLC)721568036
|
| 948 |
|
|
|h NO HOLDINGS IN TXA - 164 OTHER HOLDINGS
|
| 994 |
|
|
|a Z0
|b TXA
|
| 999 |
f |
f |
|s 7d78a9c6-ffe5-39bc-bfea-eb398889b2cb
|i 50f17d8d-e47d-381c-8a5f-2d9927905987
|t 0
|
| 952 |
f |
f |
|p ric
|a Texas A&M University
|b Rellis Campus
|c Joint Library Facility
|s JLF
|d Remote Storage
|t 0
|e TN490.A2 B63
|h Library of Congress classification
|i unmediated -- volume
|m A14805577075
|